=LDR 00000nam 2200000 4500 =001 INLIS000000000027427 =005 20130612125814 =008 ***********************************Ind** =035 ##$$a0010-061300000027427 =041 ##$$a Ind =082 ##$$a 641.18 =090 ##$$a 641.18, Cos m =100 ##$$a Cosby,bill =245 ##$$a Makananku mencerminkan siapa diriku dan sekarang aku ketakutan, Bill cosby;Alih bahasa,Fahmi yamini =260 ##$$a 2004 $b Jakarta =300 ##$$a xxii,177 hlm, ilus, 21 cm =650 ##$$a Makanan-Analisa =700 ##$$a Yamani,Fahmi =850 ##$$a NBPNMAT =990 ##$$a 90400/BPAP-NTB/2014